Enseñar y aprender a leer (Record no. 18621)

MARC details
000 -LEADER
campo de control de longitud fija 00989am a2200325a 44500
003 - IDENTIFICADOR DE NÚMERO DE CONTROL
campo de control AR-BaBNM
005 - FECHA Y HORA DE LA ÚLTIMA TRANSACCIÓN
campo de control 20251128211202.0
008 - DATOS DE LONGITUD FIJA--INFORMACIÓN GENERAL
campo de control de longitud fija 043020s2000 #AR|||||||||||000 | spa||
020 ## - NÚMERO INTERNACIONAL ESTÁNDAR DEL LIBRO
Número Internacional Estándar del Libro 987-9191-65-X
040 ## - FUENTE DE CATALOGACIÓN
Centro/agencia transcriptor AR-BaBNM
245 10 - MENCIÓN DEL TÍTULO
Título Enseñar y aprender a leer
Resto del título jardín de infantes y primer ciclo de la educación básica
250 ## - MENCION DE EDICION
Mención de edición 1ª ed.
260 ## - PUBLICACIÓN, DISTRIBUCIÓN, ETC.
Lugar de publicación, distribución, etc. Buenos Aires
Nombre del editor, distribuidor, etc. Ediciones Novedades Educativas
Fecha de publicación, distribución, etc. 2000
300 ## - DESCRIPCIÓN FÍSICA
Extensión 96 p.
Otros detalles físicos il., tablas
490 #0 - MENCIÓN DE SERIE
Mención de serie Recursos didácticos
504 ## - NOTA DE BIBLIOGRAFÍA, ETC.
Nota de bibliografía, etc. Nota Contiene referencias bibliográficas p. 95-96
650 #4 - PUNTO DE ACCESO ADICIONAL DE MATERIA--TÉRMINO DE MATERIA
Término de materia o nombre geográfico como elemento de entrada ENSEÑANZA DE LA LECTURA
650 #4 - PUNTO DE ACCESO ADICIONAL DE MATERIA--TÉRMINO DE MATERIA
Término de materia o nombre geográfico como elemento de entrada ALFABETIZACION
650 #4 - PUNTO DE ACCESO ADICIONAL DE MATERIA--TÉRMINO DE MATERIA
Término de materia o nombre geográfico como elemento de entrada MATERIAL DE LECTURA
650 #4 - PUNTO DE ACCESO ADICIONAL DE MATERIA--TÉRMINO DE MATERIA
Término de materia o nombre geográfico como elemento de entrada BIBLIOTECAS ESCOLARES
650 #4 - PUNTO DE ACCESO ADICIONAL DE MATERIA--TÉRMINO DE MATERIA
Término de materia o nombre geográfico como elemento de entrada ROL DEL DOCENTE
653 ## - TÉRMINO DE INDIZACIÓN--NO CONTROLADO
Término no controlado PRIMER CICLO DE LA EGB
653 ## - TÉRMINO DE INDIZACIÓN--NO CONTROLADO
Término no controlado EDUCACION INICIAL
653 ## - TÉRMINO DE INDIZACIÓN--NO CONTROLADO
Término no controlado JARDINES DE INFANTES
700 1# - ENTRADA AGREGADA--NOMBRE PERSONAL
Nombre de persona Castedo, María Luisa
Término indicativo de función/relación compilador
700 1# - ENTRADA AGREGADA--NOMBRE PERSONAL
Nombre de persona Molinari, María Claudia
700 1# - ENTRADA AGREGADA--NOMBRE PERSONAL
Nombre de persona Siro, Ana
942 ## - ELEMENTOS DE ENTRADA SECUNDARIOS (KOHA)
Tipo de ítem Koha Libros
998 ## - INFORMACIÓN DE CONTROL LOCAL (RLIN)
Iniciales del catalogador, CIN (RLIN) raquel
Holdings
Estatus retirado Estado de pérdida Fuente de la clasificación o esquema de estantería Estado de daño No para préstamo Biblioteca de origen Biblioteca actual Fecha de adquisición Total de préstamos Signatura topográfica completa Código de barras Visto por última vez Precio de reemplazo Tipo de ítem Koha
    Clasificación Decimal Dewey     Liberty Liberty 28/11/2025   372.41 CAST 131410 28/11/2025 28/11/2025 Libros
    Clasificación Decimal Dewey     Liberty Liberty 28/11/2025   372.41 CAST 131411 28/11/2025 28/11/2025 Libros
    Clasificación Decimal Dewey     Liberty Liberty 28/11/2025   372.41 CAST 131412 28/11/2025 28/11/2025 Libros